000 01164nam a22002657a 4500
005 20170124103203.0
010 _aA-698157
020 _c120.00
035 _aA-698157
037 _bCen Lib/Ret
040 _aDPL
_bHN
082 _a915.4
_bपांचाल
100 _aपांचाल, परमानन्द
_992666
245 _aभारत के सुन्दर द्वीप /
_cपरमानन्द पांचाल
246 _aBharat ke sundar dweep /
_bby Parmanad Panchal
260 _a नई दिल्ली
_bअलंकार प्रकाशन
_c1993
270 _b नई दिल्ली
_aसुभाष मार्ग, दरियागंज
_e110002
300 _a199पृ.:
_c19सेमी(सजिल्द )
_bसचित्र
500 _aग्रन्थ सूची शामिल
650 _aभूगोल -- द्वीप
_x
_z
_992667
650 _aभूगोल -- द्वीप -- भारत
_943622
650 _aGeography - Island
_992668
650 _aGeography - Island - india
_992669
942 _2ddc
_cHN
_h915.4
_mपांचाल
999 _c120798
_d120798